5 Countries With the Lowest GDP per Capita by Continent - Statistics

General Stats
  • This quiz has been taken 46 times
  • The average score is 24 of 30
Answer Stats
Continent GDP per Capita Country % Correct
Europe $13,253 Moldova
93%
South America $10,617 Ecuador
90%
North America $5,538 Honduras
90%
Europe $11,017 Kosovo
90%
South America $12,503 Paraguay
90%
South America $8,342 Bolivia
88%
South America $14,137 Colombia
88%
North America $8,267 Guatemala
88%
North America $1,728 Haiti
85%
Europe $12,710 Ukraine
85%
South America $11,516 Peru
83%
Oceania $3,786 Marshall Islands
80%
Oceania $3,447 Micronesia
80%
Oceania $2,649 Vanuatu
80%
Europe $13,651 Albania
78%
Oceania $2,126 Kiribati
78%
Asia $3,586 Nepal
78%
North America $5,439 Nicaragua
78%
Europe $16,609 North Macedonia
78%
Oceania $2,442 Solomon Islands
78%
Asia $2,073 Afghanistan
73%
North America $5,695 Belize
71%
Africa $783 Burundi
71%
Africa $972 Central African Republic
71%
Asia $3,560 Tajikistan
71%
Africa $978 Democratic Republic of the Congo
68%
Africa $884 South Sudan
68%
Asia $4,031 East Timor
61%
Asia $4,441 Cambodia
59%
Africa $995 Malawi
59%
No matching quizzes found
Score Distribution
Percent of People with Each Score
Percentile by Number Answered
Your Score History
You have not taken this quiz